Student's T-Distribution and Related Stochastic Processes (رقم التسجيلة. 36083)

تفاصيل مارك
000 -الفاتح
حقل البيانات ثابتة الطول 02347cam a22003372 b4500
001 - رقم الضبط
رقم الضبط 10192925
003 - محدد رقم الضبط
رقم الضبط OSt
005 - وقت وتاريخ اخر تعامل مع التسجيلة
رقم الضبط 20150408114227.0
006 - عناصر البيانات ثابتة الطول - خصائص المادة الاضافية-معلومات عامة
حقل البيانات ثابتة الطول m d
007 - الحقل الثابت للوصف المادى- معلومات عامة
حقل البيانات ثابتة الطول cr n
008 - عناصر البيانات ثابتة الطول - معلومات عامة
حقل البيانات ثابتة الطول 120517e20120918nju s|||||||| 2|eng|d
020 ## - الرقم الدولى المعيارى للكتب
الرقم الدولى المعيارى للكتاب 9783642311451
020 ## - الرقم الدولى المعيارى للكتب
الرقم الدولى المعيارى للكتاب 3642311458 (Trade Paper)
شروط الاتاحة USD 39.95 Retail Price (Publisher)
024 3# - معرف معيارى اخر
الرقم او الرمز المعيارى 9783642311451
035 ## - رقم ضبط النظام
رقم ضبط النظام (WaSeSS)ssj0000767198
037 ## - مصدر التزويد
رقم المخزون 3642311458
مصدر رقم المخزون/ التزويد 00024965
040 ## - مصدر الفهرسة
وكالة الفهرسة الأصلية BIP US
وكالة التعديل WaSeSS
082 ## - رقم تصنيف ديوى العشرى
رقم الطبعة 22
رقم التصنيف 519.083
رقم المادة GBS
100 1# - المدخل الرئيسى - إسم شخصى
الإسم الشخصى Grigelionis, Bronius
الدور Author
210 10 - العنوان المختصر
العنوان المختصر Student's T-Distribution and Related Stochastic Processes
245 10 - بيان العنوان
العنوان Student's T-Distribution and Related Stochastic Processes
الوسيط [electronic resource]
260 ## - PUBLICATION, DISTRIBUTION, ETC. (IMPRINT)
مكان الناشر او الموزع New York :
اسم الناشر او الموزع Springer
تاريخ النشر أو التوزيع Sept. 2012
440 #0 - بيان السلسلة/مدخل إضافى-العنوان
العنوان SpringerBriefs in Statistics Ser.
506 ## - تبصرة قيود الاتاحة
قيود الإتاحة License restrictions may limit access.
520 8# - التبصرة الخاصة بالتعليق أو التلخيص
ملخص,الخ Annotation
امتداد لتبصرة الملخص This brief monograph is an in-depth study of the infinite divisibility and self-decomposability properties of central and noncentral Students distributions, represented as variance and mean-variance mixtures of multivariate Gaussian distributions with the reciprocal gamma mixing distribution. These results allow us to define and analyse Student-Lévy processes as Thorin subordinated Gaussian Lévy processes. A broad class of one-dimensional, strictly stationary diffusions with the Students t-marginal distribution are defined as the unique weak solution for the stochastic differential equation. Using the independently scattered random measures generated by the bi-variate centred Student-Lévy process, and stochastic integration theory, a univariate, strictly stationary process with the centred Students t- marginals and the arbitrary correlation structure are defined. As a promising direction for future work in constructing and analysing new multivariate Student-Lévy type processes, the notion of Lévy copulas and the related analogue of Sklars theorem are explained.
521 ## - تبصرة الجمهور المستهدف
تبصرة الجمهور المستهدف Scholarly & Professional
المصدر Springer
773 #0 - مدخل المادة المضيفة
العنوان SpringerLink ebooks - Mathematics and Statistics (2013)
856 40 - الوصول و الموقع الالكترونى
معرف المصدر الموحد <a href="http://www.columbia.edu/cgi-bin/cul/resolve?clio10192925">http://www.columbia.edu/cgi-bin/cul/resolve?clio10192925</a>
تبصرة عامة Full text available from SpringerLink ebooks - Mathematics and Statistics (2013)
910 ## - بيانات اختيارية للمستخدم
User-option data Bowker Global Books in Print record
942 ## - عناصر المدخل الإضافي( كوها)
مصدر التصنيف او مخطط الترفيف Dewey Decimal Classification
Koha [default] item type كتاب
المقتنيات
حالة الفقد نموذج السعر الفعال حالة تلف ليس للاعارة رقم الطلب تاريخ الاكتساب الموقع الحالي الباركود الفرع الرئيسي Date last seen نوع المادة فى نظام كوها مصدر التصنيف او خطة الترفيف Total Checkouts
  2014-10-22     519.083 GBS 2014-10-22 المكتبة المركزية بالمجمعة (CL) 00405259 المكتبة المركزية بالمجمعة (CL) 2014-10-22 كتاب Dewey Decimal Classification  
  2014-10-22     519.083 GBS 2014-10-22 المكتبة المركزية بالمجمعة (CL) 00405260 المكتبة المركزية بالمجمعة (CL) 2014-10-22 كتاب Dewey Decimal Classification  
  2014-10-22     519.083 GBS 2014-10-22 المكتبة المركزية بالمجمعة (CL) 00405261 المكتبة المركزية بالمجمعة (CL) 2014-10-22 كتاب Dewey Decimal Classification